[Event "Kupreichik Memorial Rapid 2019"]
[Site "Minsk"]
[Date "2019.08.16"]
[Round "7.25"]
[White "Kharin, Mikhail"]
[Black "Tkachou, Viktar"]
[Result "1-0"]
[WhiteElo "2156"]
[BlackElo "1791"]
[Annotator "NA"]
[PlyCount "85"]
[EventDate "2019.08.15"]
[EventType "swiss"]
[EventCountry "BLR"]
[SourceTitle "playchess.com"]
[Source "ChessBase"]
[SourceQuality "1"]
[TimeControl "900+10"]

1. d4 {[%emt 0:00:00]} Nf6 {[%emt 0:00:00]} 2. Nc3 {[%emt 0:00:00]} e6 {[%emt 0:00:00]} 3. Bf4 {[%emt 0:00:00]} d5 {[%emt 0:00:05]} 4. Nb5 {[%emt 0:00:11]} Bd6 {[%emt 0:00:32]} 5. Nxd6+ {[%emt 0:00:05]} cxd6 {[%emt 0:00:01]} 6. Nf3 {[%emt 0:00:05]} Nc6 {[%emt 0:00:09]} 7. e3 {[%emt 0:00:06]} h6 {[%emt 0:00:06]} 8. c4 {[%emt 0:00:06]} dxc4 {[%emt 0:00:06]} 9. Bxc4 {[%emt 0:00:02]} O-O {[%emt 0:00:13]} 10. O-O {[%emt 0:00:03]} b6 {[%emt 0:00:51]} 11. Rc1 {[%emt 0:00:24]} Na5 {[%emt 0:00:44]} 12. Bb5 {[%emt 0:01:32]} Nh5 {[%emt 0:00:51]} 13. b4 {[%emt 0:01:36]} Nxf4 {[%emt 0:02:08]} 14. exf4 {[%emt 0:00:33]} a6 {[%emt 0:00:50]} 15. Ba4 {[%emt 0:00:53]} Nb7 {[%emt 0:00:18]} 16. Bc6 {[%emt 0:00:33]} Rb8 {[%emt 0:00:07]} 17. Qd3 {[%emt 0:00:30]} a5 {[%emt 0:00:52]} 18. b5 {[%emt 0:00:13]} Bd7 {[%emt 0:00:29]} 19. a4 {[%emt 0:00:08]} f6 {[%emt 0:00:55]} 20. Rc3 {[%emt 0:00:31]} d5 {[%emt 0:00:16]} 21. f5 {[%emt 0:01:29]} Nd6 {[%emt 0:00:52]} 22. fxe6 {[%emt 0:00:11]} Bxe6 {[%emt 0:00:02]} 23. Re1 {[%emt 0:00:34]} Bf7 {[%emt 0:02:02]} 24. Nd2 {[%emt 0:00:24]} Nc4 {[%emt 0:00:31]} 25. Nxc4 {[%emt 0:00:28]} dxc4 {[%emt 0:00:01]} 26. Qe4 {[%emt 0:00:20]} Rc8 {[%emt 0:00:40]} 27. d5 {[%emt 0:00:16]} Rxc6 {[%emt 0:01:56]} 28. dxc6 {[%emt 0:00:21]} Re8 {[%emt 0:00:04]} 29. Qb1 {[%emt 0:00:13]} Bg6 {[%emt 0:00:56]} 30. Rxe8+ {[%emt 0:01:42]} Qxe8 {[%emt 0:00:02]} 31. Qc1 {[%emt 0:00:05]} Bd3 {[%emt 0:00:03]} 32. Qe3 {[%emt 0:00:14]} Qd8 {[%emt 0:00:17]} 33. h3 {[%emt 0:00:33]} Kf7 {[%emt 0:00:30]} 34. Rc1 {[%emt 0:00:19]} Kf8 {[%emt 0:01:21]} 35. Qf4 {[%emt 0:00:54]} Qc8 {[%emt 0:00:34]} 36. Qd6+ {[%emt 0:00:16]} Kf7 {[%emt 0:00:14]} 37. Re1 {[%emt 0:00:04]} Bf5 {[%emt 0:00:28]} 38. Re7+ {[%emt 0:00:33]} Kg8 {[%emt 0:00:12]} 39. c7 {[%emt 0:00:06]} c3 {[%emt 0:00:26]} 40. Qc6 {[%emt 0:00:34]} Kf8 {[%emt 0:00:21]} 41. Qd6 {[%emt 0:01:23]} Kg8 {[%emt 0:00:12]} 42. Qg3 {[%emt 0:00:10]} g6 {[%emt 0:00:26]} 43. Qxc3 {[%emt 0:00:05]} 1-0

[Event "Kupreichik Memorial Rapid 2019"]
[Site "Minsk"]
[Date "2019.08.16"]
[Round "7.27"]
[White "Strizhnev, Ivan"]
[Black "Svjatocho, Andrej"]
[Result "1-0"]
[WhiteElo "1394"]
[BlackElo "1995"]
[Annotator "NA"]
[PlyCount "87"]
[EventDate "2019.08.15"]
[EventType "swiss"]
[EventCountry "BLR"]
[SourceTitle "playchess.com"]
[Source "ChessBase"]
[SourceQuality "1"]
[TimeControl "900+10"]

1. e4 {[%emt 0:00:00]} Nf6 {[%emt 0:00:00]} 2. e5 {[%emt 0:00:00]} Nd5 {[%emt 0:00:00]} 3. c4 {[%emt 0:00:00]} Nb6 {[%emt 0:00:00]} 4. d4 {[%emt 0:00:00]} d6 {[%emt 0:00:00]} 5. f4 {[%emt 0:00:01]} dxe5 {[%emt 0:00:03]} 6. fxe5 {[%emt 0:00:03]} Nc6 {[%emt 0:00:03]} 7. Nf3 {[%emt 0:00:04]} Bf5 {[%emt 0:00:31]} 8. b3 {[%emt 0:00:42]} e6 {[%emt 0:00:17]} 9. Bb2 {[%emt 0:00:13]} Nb4 {[%emt 0:01:36]} 10. Na3 {[%emt 0:00:35]} c5 {[%emt 0:00:22]} 11. dxc5 {[%emt 0:00:27]} Bxc5 {[%emt 0:00:10]} 12. Bd4 {[%emt 0:00:32]} Nd3+ {[%emt 0:03:05]} 13. Bxd3 {[%emt 0:00:34]} Bxd4 {[%emt 0:00:03]} 14. Bxf5 {[%emt 0:00:35]} Bxa1 {[%emt 0:00:26]} 15. Be4 {[%emt 0:00:47]} Qxd1+ {[%emt 0:02:20]} 16. Kxd1 {[%emt 0:00:02]} O-O-O+ {[%emt 0:00:04]} 17. Kc2 {[%emt 0:00:11]} Bd4 {[%emt 0:00:04]} 18. Nb5 {[%emt 0:00:03]} Bc5 {[%emt 0:00:38]} 19. Nxa7+ {[%emt 0:00:04]} Kb8 {[%emt 0:00:04]} 20. Nb5 {[%emt 0:00:03]} f5 {[%emt 0:01:04]} 21. Bd3 {[%emt 0:00:35]} h6 {[%emt 0:00:14]} 22. h4 {[%emt 0:00:17]} Nc8 {[%emt 0:00:26]} 23. a3 {[%emt 0:01:37]} b6 {[%emt 0:01:26]} 24. b4 {[%emt 0:00:12]} Be7 {[%emt 0:00:03]} 25. Nbd4 {[%emt 0:00:49]} g5 {[%emt 0:01:21]} 26. Nc6+ {[%emt 0:00:30]} Kc7 {[%emt 0:00:15]} 27. Nxd8 {[%emt 0:00:03]} Rxd8 {[%emt 0:00:07]} 28. hxg5 {[%emt 0:00:27]} hxg5 {[%emt 0:00:12]} 29. Rh6 {[%emt 0:00:28]} g4 {[%emt 0:00:17]} 30. Nd2 {[%emt 0:00:27]} Kd7 {[%emt 0:00:22]} 31. Nb3 {[%emt 0:00:54]} Bg5 {[%emt 0:00:34]} 32. Rg6 {[%emt 0:00:16]} Be3 {[%emt 0:00:39]} 33. c5 {[%emt 0:01:43]} Ne7 {[%emt 0:01:02]} 34. Bb5+ {[%emt 0:00:19]} Kc8 {[%emt 0:00:19]} 35. Rxe6 {[%emt 0:00:30]} Nd5 {[%emt 0:00:20]} 36. Rd6 {[%emt 0:01:08]} f4 {[%emt 0:00:22]} 37. e6 {[%emt 0:02:26]} Nc7 {[%emt 0:00:45]} 38. Bd7+ {[%emt 0:01:00]} Kb8 {[%emt 0:00:13]} 39. e7 {[%emt 0:00:19]} Rh8 {[%emt 0:00:11]} 40. cxb6 {[%emt 0:00:53]} Ne8 {[%emt 0:00:40]} 41. Bxe8 {[%emt 0:00:11]} f3 {[%emt 0:00:36]} 42. Rd8+ {[%emt 0:01:03]} Kb7 {[%emt 0:00:01]} 43. Bc6+ {[%emt 0:00:17]} Kxc6 {[%emt 0:00:03]} 44. Rxh8 {[%emt 0:00:05]} 1-0

[Event "Kupreichik Memorial Rapid 2019"]
[Site "Minsk"]
[Date "2019.08.16"]
[Round "7.28"]
[White "Dvurechensky, Viacheslav"]
[Black "Arlou, Valery"]
[Result "1-0"]
[WhiteElo "1840"]
[BlackElo "1759"]
[Annotator "NA"]
[PlyCount "151"]
[EventDate "2019.08.15"]
[EventType "swiss"]
[EventCountry "BLR"]
[SourceTitle "playchess.com"]
[Source "ChessBase"]
[SourceQuality "1"]
[TimeControl "900+10"]

1. e4 {[%emt 0:00:00]} g6 {[%emt 0:00:00]} 2. d4 {[%emt 0:00:00]} Bg7 {[%emt 0:00:00]} 3. Nc3 {[%emt 0:00:11]} d6 {[%emt 0:00:00]} 4. Nf3 {[%emt 0:00:42]} Bg4 {[%emt 0:00:03]} 5. Be2 {[%emt 0:00:09]} Nc6 {[%emt 0:01:16]} 6. Be3 {[%emt 0:00:44]} Bxf3 {[%emt 0:00:46]} 7. Bxf3 {[%emt 0:00:02]} e5 {[%emt 0:00:20]} 8. d5 {[%emt 0:01:47]} Nce7 {[%emt 0:00:02]} 9. O-O {[%emt 0:00:17]} f5 {[%emt 0:00:03]} 10. exf5 {[%emt 0:00:51]} Nxf5 {[%emt 0:00:03]} 11. Re1 {[%emt 0:00:42]} Nxe3 {[%emt 0:00:23]} 12. Rxe3 {[%emt 0:00:02]} Nf6 {[%emt 0:00:02]} 13. Ne4 {[%emt 0:00:55]} Nxe4 {[%emt 0:00:17]} 14. Rxe4 {[%emt 0:00:30]} O-O {[%emt 0:00:04]} 15. Bg4 {[%emt 0:00:33]} Qf6 {[%emt 0:00:22]} 16. Be6+ {[%emt 0:00:17]} Kh8 {[%emt 0:00:02]} 17. Qe2 {[%emt 0:00:21]} c6 {[%emt 0:00:58]} 18. Rb4 {[%emt 0:00:37]} Rab8 {[%emt 0:01:54]} 19. Rf1 {[%emt 0:00:37]} Qd8 {[%emt 0:01:05]} 20. Qe3 {[%emt 0:01:13]} Qa5 {[%emt 0:01:00]} 21. Qb3 {[%emt 0:00:22]} Qc7 {[%emt 0:00:51]} 22. Qa4 {[%emt 0:01:47]} a5 {[%emt 0:00:29]} 23. Re4 {[%emt 0:01:03]} cxd5 {[%emt 0:00:32]} 24. Bxd5 {[%emt 0:00:11]} b5 {[%emt 0:00:02]} 25. Qb3 {[%emt 0:00:15]} Qc5 {[%emt 0:00:41]} 26. Qd3 {[%emt 0:00:24]} a4 {[%emt 0:01:05]} 27. b4 {[%emt 0:01:17]} axb3 {[%emt 0:02:14]} 28. axb3 {[%emt 0:00:30]} b4 {[%emt 0:00:22]} 29. Rc4 {[%emt 0:00:22]} Qa7 {[%emt 0:00:17]} 30. Rc6 {[%emt 0:00:26]} Qe7 {[%emt 0:00:03]} 31. Qa6 {[%emt 0:00:52]} Rfd8 {[%emt 0:00:10]} 32. Rb6 {[%emt 0:00:31]} e4 {[%emt 0:00:40]} 33. Qb5 {[%emt 0:00:34]} Rxb6 {[%emt 0:00:27]} 34. Qxb6 {[%emt 0:00:02]} Bc3 {[%emt 0:00:08]} 35. Qe3 {[%emt 0:00:28]} Qg7 {[%emt 0:02:27]} 36. Qxe4 {[%emt 0:00:22]} Rf8 {[%emt 0:00:14]} 37. f3 {[%emt 0:00:35]} Bd4+ {[%emt 0:00:03]} 38. Kh1 {[%emt 0:00:02]} Bc5 {[%emt 0:00:03]} 39. Re1 {[%emt 0:00:17]} Qf6 {[%emt 0:01:21]} 40. h4 {[%emt 0:00:23]} Bd4 {[%emt 0:00:12]} 41. Qg4 {[%emt 0:00:19]} Qf5 {[%emt 0:00:18]} 42. Qxf5 {[%emt 0:00:04]} gxf5 {[%emt 0:00:08]} 43. Re6 {[%emt 0:00:07]} Be5 {[%emt 0:00:04]} 44. Kg1 {[%emt 0:00:07]} Kg7 {[%emt 0:00:03]} 45. Re7+ {[%emt 0:00:04]} Kg6 {[%emt 0:00:02]} 46. h5+ {[%emt 0:00:06]} Kxh5 {[%emt 0:00:18]} 47. Rxh7+ {[%emt 0:00:02]} Kg6 {[%emt 0:00:01]} 48. Rb7 {[%emt 0:00:08]} Bd4+ {[%emt 0:00:04]} 49. Kf1 {[%emt 0:00:06]} Bc5 {[%emt 0:00:04]} 50. Bc4 {[%emt 0:00:07]} Rh8 {[%emt 0:00:04]} 51. Bd3 {[%emt 0:00:15]} Kf6 {[%emt 0:00:05]} 52. g4 {[%emt 0:00:15]} fxg4 {[%emt 0:00:07]} 53. fxg4 {[%emt 0:00:02]} Rh1+ {[%emt 0:00:11]} 54. Kg2 {[%emt 0:00:05]} Rg1+ {[%emt 0:00:02]} 55. Kf3 {[%emt 0:00:11]} Rh1 {[%emt 0:00:49]} 56. Bf5 {[%emt 0:00:29]} Ke5 {[%emt 0:00:14]} 57. Re7+ {[%emt 0:00:10]} Kd4 {[%emt 0:00:05]} 58. Re4+ {[%emt 0:00:16]} Kc3 {[%emt 0:00:03]} 59. Rc4+ {[%emt 0:00:12]} Kd2 {[%emt 0:00:02]} 60. Ke4 {[%emt 0:00:08]} Re1+ {[%emt 0:00:06]} 61. Kd5 {[%emt 0:00:05]} Re5+ {[%emt 0:00:02]} 62. Kc6 {[%emt 0:00:11]} Re8 {[%emt 0:00:09]} 63. Re4 {[%emt 0:00:15]} Rg8 {[%emt 0:00:02]} 64. Re6 {[%emt 0:00:08]} Rc8+ {[%emt 0:00:08]} 65. Kd7 {[%emt 0:00:05]} Rg8 {[%emt 0:00:03]} 66. Rg6 {[%emt 0:00:08]} Rb8 {[%emt 0:00:17]} 67. g5 {[%emt 0:00:13]} Rb7+ {[%emt 0:00:05]} 68. Ke6 {[%emt 0:00:09]} Ke3 {[%emt 0:00:16]} 69. Rg8 {[%emt 0:00:15]} Kf4 {[%emt 0:00:11]} 70. Bd3 {[%emt 0:00:05]} Rb6 {[%emt 0:00:22]} 71. g6 {[%emt 0:00:08]} Kg5 {[%emt 0:00:28]} 72. Rh8 {[%emt 0:00:15]} Bd4 {[%emt 0:00:03]} 73. Rh7 {[%emt 0:00:06]} Be5 {[%emt 0:00:46]} 74. g7 {[%emt 0:00:19]} Bxg7 75. Rxg7+ Kf4 76. Rd7 1-0

[Event "Kupreichik Memorial Rapid 2019"]
[Site "Minsk"]
[Date "2019.08.16"]
[Round "7.30"]
[White "Kashtelyan, Valentin"]
[Black "Stanishevskij, Aleksandr"]
[Result "0-1"]
[WhiteElo "1488"]
[BlackElo "1830"]
[Annotator "NA"]
[PlyCount "78"]
[EventDate "2019.08.15"]
[EventType "swiss"]
[EventCountry "BLR"]
[SourceTitle "playchess.com"]
[Source "ChessBase"]
[SourceQuality "1"]
[TimeControl "900+10"]

1. e4 {[%emt 0:00:00]} Nf6 {[%emt 0:00:00]} 2. d3 {[%emt 0:00:13]} c5 {[%emt 0:00:33]} 3. Nf3 {[%emt 0:00:19]} Nc6 {[%emt 0:00:16]} 4. Be2 {[%emt 0:00:13]} g6 {[%emt 0:00:13]} 5. O-O {[%emt 0:00:14]} Bg7 {[%emt 0:00:01]} 6. c3 {[%emt 0:00:03]} d6 {[%emt 0:00:08]} 7. Na3 {[%emt 0:00:15]} a6 {[%emt 0:00:20]} 8. Nc2 {[%emt 0:00:05]} b5 {[%emt 0:00:08]} 9. h3 {[%emt 0:00:08]} O-O {[%emt 0:00:34]} 10. Be3 {[%emt 0:00:06]} Bd7 {[%emt 0:00:59]} 11. Qd2 {[%emt 0:00:08]} a5 {[%emt 0:00:30]} 12. Bh6 {[%emt 0:00:09]} b4 {[%emt 0:00:37]} 13. Bxg7 {[%emt 0:00:08]} Kxg7 {[%emt 0:00:01]} 14. Nh4 {[%emt 0:01:02]} Qb6 {[%emt 0:00:05]} 15. Kh1 {[%emt 0:00:20]} Rfb8 {[%emt 0:00:36]} 16. b3 {[%emt 0:01:03]} a4 {[%emt 0:00:17]} 17. bxa4 {[%emt 0:00:56]} Rxa4 {[%emt 0:00:21]} 18. cxb4 {[%emt 0:05:01]} Nxb4 {[%emt 0:00:05]} 19. Ne3 {[%emt 0:01:04]} Qa7 {[%emt 0:01:28]} 20. Ng4 {[%emt 0:01:53]} Nxg4 {[%emt 0:03:36]} 21. Bxg4 {[%emt 0:00:18]} Bxg4 {[%emt 0:00:54]} 22. hxg4 {[%emt 0:00:09]} Ra3 {[%emt 0:00:42]} 23. Qg5 {[%emt 0:02:31]} Kg8 {[%emt 0:02:18]} 24. f4 {[%emt 0:00:44]} Nc2 {[%emt 0:01:29]} 25. Rab1 {[%emt 0:00:31]} Rxb1 {[%emt 0:00:26]} 26. Rxb1 {[%emt 0:00:02]} Rxa2 {[%emt 0:00:35]} 27. f5 {[%emt 0:00:13]} Ra1 {[%emt 0:00:08]} 28. Rxa1 {[%emt 0:00:15]} Qxa1+ {[%emt 0:00:04]} 29. Kh2 {[%emt 0:00:07]} Qe5+ {[%emt 0:00:13]} 30. g3 {[%emt 0:00:39]} Nb4 {[%emt 0:00:41]} 31. Nf3 {[%emt 0:00:10]} Qf6 {[%emt 0:00:34]} 32. Qe3 {[%emt 0:00:12]} Qb2+ {[%emt 0:00:16]} 33. Kh3 {[%emt 0:00:06]} Qc2 {[%emt 0:00:15]} 34. Ne1 {[%emt 0:00:09]} Qd1 {[%emt 0:00:09]} 35. fxg6 {[%emt 0:00:09]} hxg6 {[%emt 0:00:01]} 36. e5 {[%emt 0:00:17]} d5 {[%emt 0:00:27]} 37. e6 {[%emt 0:00:16]} fxe6 {[%emt 0:00:33]} 38. Qxe6+ Kf8 39. Ng2 {[%emt 0:00:29]} Qh1# {[%emt 0:00:04] Ne1} 0-1

[Event "Kupreichik Memorial Rapid 2019"]
[Site "Minsk"]
[Date "2019.08.16"]
[Round "7.31"]
[White "Kasperovich, Mikhail"]
[Black "Kolosovskaya, Olga"]
[Result "0-1"]
[WhiteElo "1324"]
[BlackElo "1719"]
[Annotator "NA"]
[PlyCount "144"]
[EventDate "2019.08.15"]
[EventType "swiss"]
[EventCountry "BLR"]
[SourceTitle "playchess.com"]
[Source "ChessBase"]
[SourceQuality "1"]
[TimeControl "900+10"]

1. d4 {[%emt 0:00:00]} d5 {[%emt 0:00:00]} 2. Nf3 {[%emt 0:00:00]} Nf6 {[%emt 0:00:00]} 3. c4 {[%emt 0:00:00]} c6 {[%emt 0:00:00]} 4. Nc3 {[%emt 0:00:00]} dxc4 {[%emt 0:00:34]} 5. a4 {[%emt 0:00:19]} e6 {[%emt 0:03:14]} 6. e3 {[%emt 0:00:03]} Be7 {[%emt 0:00:27]} 7. Bxc4 {[%emt 0:00:05]} O-O {[%emt 0:00:02]} 8. O-O {[%emt 0:00:07]} b6 {[%emt 0:00:19]} 9. b3 {[%emt 0:00:45]} Bb7 {[%emt 0:00:02]} 10. Bb2 {[%emt 0:00:19]} a6 {[%emt 0:00:24]} 11. Rc1 {[%emt 0:03:34]} b5 {[%emt 0:00:01]} 12. axb5 {[%emt 0:00:08]} cxb5 {[%emt 0:00:01]} 13. Bd3 {[%emt 0:00:04]} Qb6 {[%emt 0:00:17]} 14. Ne5 {[%emt 0:02:36]} Nc6 {[%emt 0:00:30]} 15. Nxc6 {[%emt 0:00:09]} Bxc6 {[%emt 0:00:02]} 16. Qc2 {[%emt 0:00:11]} Rac8 {[%emt 0:00:19]} 17. Qb1 {[%emt 0:00:08]} b4 {[%emt 0:02:13]} 18. Ne4 {[%emt 0:00:16]} Nxe4 {[%emt 0:00:03]} 19. Bxe4 {[%emt 0:00:02]} Bxe4 {[%emt 0:00:03]} 20. Qxe4 {[%emt 0:00:08]} Bf6 {[%emt 0:01:28]} 21. Rc2 {[%emt 0:00:25]} Rxc2 {[%emt 0:00:03]} 22. Qxc2 {[%emt 0:00:02]} g6 {[%emt 0:00:28]} 23. Rc1 {[%emt 0:00:08]} Kg7 {[%emt 0:00:43]} 24. h3 {[%emt 0:04:45]} Rb8 {[%emt 0:00:02]} 25. Kf1 {[%emt 0:00:16]} Qb5+ {[%emt 0:03:19]} 26. Ke1 {[%emt 0:00:29]} Qd5 {[%emt 0:00:46]} 27. Kf1 {[%emt 0:01:18]} Qb5+ {[%emt 0:00:32]} 28. Ke1 {[%emt 0:00:04]} e5 {[%emt 0:00:26]} 29. Qe4 {[%emt 0:02:52]} exd4 30. Bxd4 {[%emt 0:00:06]} Bxd4 {[%emt 0:00:55]} 31. Qxd4+ {[%emt 0:00:01]} Kg8 {[%emt 0:00:01]} 32. Rc5 {[%emt 0:00:21]} Qb6 {[%emt 0:00:15]} 33. Rc4 {[%emt 0:00:28]} Qb7 {[%emt 0:00:15]} 34. Qe4 {[%emt 0:00:04]} Qb5 {[%emt 0:00:15]} 35. Qd4 {[%emt 0:00:15]} Qa5 {[%emt 0:00:12]} 36. Rc5 {[%emt 0:00:18]} Qa3 {[%emt 0:00:03]} 37. Qc4 {[%emt 0:00:03]} Qa1+ {[%emt 0:00:03]} 38. Ke2 {[%emt 0:00:01]} Qb2+ {[%emt 0:00:04]} 39. Kf3 {[%emt 0:00:00]} Qf6+ {[%emt 0:00:03]} 40. Qf4 {[%emt 0:00:01]} Qb6 {[%emt 0:00:42]} 41. Rc7 {[%emt 0:00:02]} Qe6 {[%emt 0:00:14]} 42. Rc4 {[%emt 0:00:16]} Qd5+ {[%emt 0:00:11]} 43. Ke2 {[%emt 0:00:13]} Rd8 {[%emt 0:00:35]} 44. Rd4 {[%emt 0:00:02]} Qb5+ {[%emt 0:00:01]} 45. Kf3 {[%emt 0:00:11]} Qc6+ {[%emt 0:00:08]} 46. Ke2 {[%emt 0:00:09]} Qc2+ {[%emt 0:00:51]} 47. Kf3 {[%emt 0:00:24]} Rxd4 {[%emt 0:00:04]} 48. Qxd4 {[%emt 0:00:01]} Qxb3 {[%emt 0:00:02]} 49. Qd8+ {[%emt 0:00:03]} Kg7 {[%emt 0:00:02]} 50. Qd4+ {[%emt 0:00:05]} f6 {[%emt 0:00:03]} 51. Qa7+ {[%emt 0:00:04]} Qf7 {[%emt 0:00:05]} 52. Qxa6 {[%emt 0:00:04]} Qd5+ {[%emt 0:00:09]} 53. Kg3 {[%emt 0:00:22]} Qe5+ {[%emt 0:00:08]} 54. Kf3 {[%emt 0:00:04]} Qd5+ {[%emt 0:00:04]} 55. Kg3 {[%emt 0:00:01]} b3 {[%emt 0:00:03]} 56. Qa7+ {[%emt 0:00:47]} Kh6 {[%emt 0:00:03]} 57. Qb6 {[%emt 0:00:09]} Qe5+ {[%emt 0:00:05]} 58. Kf3 {[%emt 0:00:02]} b2 {[%emt 0:00:03]} 59. Ke2 {[%emt 0:00:05]} Qc3 {[%emt 0:00:06]} 60. Qb8 {[%emt 0:00:33]} Qc2+ {[%emt 0:00:12]} 61. Kf3 {[%emt 0:00:00]} b1=Q {[%emt 0:00:38]} 62. Qf8+ {[%emt 0:00:02]} Kg5 {[%emt 0:00:04]} 63. h4+ {[%emt 0:00:08]} Kf5 {[%emt 0:00:07]} 64. g4+ {[%emt 0:00:05]} Ke5 {[%emt 0:00:09]} 65. Qe7+ {[%emt 0:00:09]} Kd5 {[%emt 0:00:02]} 66. Qd7+ {[%emt 0:00:23]} Kc4 {[%emt 0:00:04]} 67. Qc6+ {[%emt 0:00:06]} Kb3 {[%emt 0:00:05]} 68. Qb5+ {[%emt 0:00:03]} Ka2 {[%emt 0:00:05]} 69. Qa5+ {[%emt 0:00:08]} Kb2 {[%emt 0:00:03]} 70. Qb4+ {[%emt 0:00:04]} Qb3 {[%emt 0:00:04]} 71. Qd4+ {[%emt 0:00:11]} Kc1 {[%emt 0:00:10]} 72. Qc5+ {[%emt 0:00:19]} Q1c2 0-1

[Event "Kupreichik Memorial Rapid 2019"]
[Site "Minsk"]
[Date "2019.08.16"]
[Round "7.32"]
[White "Ostrovskiy, Viktor"]
[Black "Ustiugov, Boris"]
[Result "1/2-1/2"]
[WhiteElo "1453"]
[BlackElo "1567"]
[Annotator "NA"]
[PlyCount "65"]
[EventDate "2019.08.15"]
[EventType "swiss"]
[EventCountry "BLR"]
[SourceTitle "playchess.com"]
[Source "ChessBase"]
[SourceQuality "1"]
[TimeControl "900+10"]

1. e4 {[%emt 0:00:00]} c5 {[%emt 0:00:00]} 2. c3 {[%emt 0:00:00]} Qa5 {[%emt 0:00:03]} 3. Nf3 {[%emt 0:00:25]} d6 {[%emt 0:00:11]} 4. Be2 {[%emt 0:00:10]} Nc6 {[%emt 0:00:12]} 5. O-O {[%emt 0:00:06]} g6 {[%emt 0:00:26]} 6. d4 {[%emt 0:00:05]} cxd4 {[%emt 0:00:13]} 7. cxd4 {[%emt 0:00:03]} Bg7 {[%emt 0:00:05]} 8. Nc3 {[%emt 0:00:36]} Bg4 {[%emt 0:00:20]} 9. Be3 {[%emt 0:01:41]} Bxf3 {[%emt 0:01:35]} 10. Bxf3 {[%emt 0:00:04]} Nf6 {[%emt 0:00:12]} 11. a3 {[%emt 0:00:42]} O-O {[%emt 0:00:06]} 12. b4 {[%emt 0:00:42]} Qd8 {[%emt 0:00:10]} 13. Rc1 {[%emt 0:00:39]} Rc8 {[%emt 0:00:01]} 14. Qd2 {[%emt 0:00:32]} Re8 {[%emt 0:01:15]} 15. Be2 {[%emt 0:01:22]} a6 {[%emt 0:00:30]} 16. f4 Qd7 {[%emt 0:00:46]} 17. e5 {[%emt 0:01:45]} dxe5 {[%emt 0:01:51]} 18. dxe5 {[%emt 0:00:10]} Qxd2 {[%emt 0:00:18]} 19. Bxd2 {[%emt 0:00:03]} Nd7 {[%emt 0:00:52]} 20. Bg4 {[%emt 0:01:52]} e6 {[%emt 0:00:19]} 21. Ne4 {[%emt 0:00:17]} h5 {[%emt 0:01:07]} 22. Bf3 {[%emt 0:00:42]} Nd4 {[%emt 0:01:45]} 23. Nd6 {[%emt 0:00:34]} Nxf3+ {[%emt 0:00:20]} 24. Rxf3 {[%emt 0:00:36]} Rxc1+ {[%emt 0:00:17]} 25. Bxc1 {[%emt 0:00:02]} Rb8 {[%emt 0:00:52]} 26. Be3 {[%emt 0:00:21]} Bf8 {[%emt 0:00:59]} 27. Ne4 {[%emt 0:01:55]} Rc8 {[%emt 0:00:23]} 28. Rf1 {[%emt 0:02:28]} Rc4 {[%emt 0:00:19]} 29. Ng5 {[%emt 0:00:23]} Rc3 {[%emt 0:00:17]} 30. Bc1 {[%emt 0:00:17]} Nb6 {[%emt 0:01:51]} 31. Ne4 {[%emt 0:00:20]} Rc4 {[%emt 0:00:26]} 32. Nf6+ {[%emt 0:00:25]} Kg7 {[%emt 0:00:17]} 33. Be3 {[%emt 0:00:06]} 1/2-1/2

[Event "Kupreichik Memorial Rapid 2019"]
[Site "Minsk"]
[Date "2019.08.16"]
[Round "7.34"]
[White "Uzlavataya, Anhelina"]
[Black "Drobyshevsky, Vasily"]
[Result "1-0"]
[WhiteElo "2051"]
[BlackElo "1441"]
[Annotator "NA"]
[PlyCount "122"]
[EventDate "2019.08.15"]
[EventType "swiss"]
[EventCountry "BLR"]
[SourceTitle "playchess.com"]
[Source "ChessBase"]
[SourceQuality "1"]
[TimeControl "900+10"]

1. Nf3 {[%emt 0:00:00]} c5 {[%emt 0:00:00]} 2. g3 {[%emt 0:00:00]} Nc6 {[%emt 0:00:00]} 3. d4 {[%emt 0:00:04]} e6 {[%emt 0:00:03]} 4. Bg2 {[%emt 0:00:04]} d5 {[%emt 0:00:05]} 5. O-O {[%emt 0:00:08]} Nf6 {[%emt 0:00:02]} 6. c4 {[%emt 0:00:02]} Be7 {[%emt 0:00:06]} 7. cxd5 {[%emt 0:00:08]} exd5 {[%emt 0:00:02]} 8. Nc3 {[%emt 0:00:18]} c4 {[%emt 0:00:02]} 9. Ne5 {[%emt 0:01:21]} O-O {[%emt 0:01:48]} 10. e4 {[%emt 0:02:43]} dxe4 {[%emt 0:00:16]} 11. Nxc6 {[%emt 0:00:31]} bxc6 {[%emt 0:00:06]} 12. Nxe4 {[%emt 0:00:04]} Bb7 {[%emt 0:02:19]} 13. Nxf6+ {[%emt 0:02:30]} Bxf6 {[%emt 0:00:03]} 14. Be3 {[%emt 0:00:02]} Rb8 {[%emt 0:00:15]} 15. Qd2 {[%emt 0:02:54]} Qd7 {[%emt 0:01:00]} 16. Rfd1 {[%emt 0:00:23]} Rfd8 {[%emt 0:00:30]} 17. Rac1 {[%emt 0:01:26]} Ba6 {[%emt 0:00:42]} 18. Qa5 {[%emt 0:00:05]} Qb7 {[%emt 0:00:32]} 19. Rd2 {[%emt 0:01:19]} Qb5 {[%emt 0:01:04]} 20. Qxb5 {[%emt 0:00:40]} cxb5 {[%emt 0:00:33]} 21. d5 {[%emt 0:00:15]} Bb7 {[%emt 0:01:35]} 22. Bxa7 {[%emt 0:00:22]} Ra8 {[%emt 0:00:05]} 23. Bb6 {[%emt 0:00:03]} Rd7 {[%emt 0:01:28]} 24. a3 {[%emt 0:00:10]} c3 {[%emt 0:02:55]} 25. bxc3 {[%emt 0:00:01]} Rxa3 {[%emt 0:00:05]} 26. Bd4 {[%emt 0:00:41]} Bg5 {[%emt 0:01:23]} 27. f4 {[%emt 0:00:06]} Bd8 {[%emt 0:00:08]} 28. Bc5 {[%emt 0:00:14]} Ra8 {[%emt 0:00:15]} 29. Bb4 {[%emt 0:00:04]} Bb6+ {[%emt 0:00:14]} 30. Kf1 {[%emt 0:00:08]} Be3 {[%emt 0:00:11]} 31. Rcd1 {[%emt 0:00:34]} Bxd2 {[%emt 0:00:02]} 32. Rxd2 {[%emt 0:00:01]} Rad8 {[%emt 0:00:09]} 33. d6 {[%emt 0:00:04]} Bxg2+ {[%emt 0:00:07]} 34. Kxg2 {[%emt 0:00:01]} f6 {[%emt 0:00:20]} 35. Rd5 {[%emt 0:00:05]} Rb8 {[%emt 0:00:06]} 36. Kf3 {[%emt 0:00:05]} Kf7 {[%emt 0:00:02]} 37. Ke4 {[%emt 0:00:23]} Ke6 {[%emt 0:00:02]} 38. Rd2 {[%emt 0:00:13]} g6 {[%emt 0:00:08]} 39. Kd4 {[%emt 0:00:34]} Rc8 {[%emt 0:00:48]} 40. Re2+ {[%emt 0:00:12]} Kf7 {[%emt 0:00:02]} 41. Kd5 {[%emt 0:00:11]} Rc4 {[%emt 0:00:52]} 42. Ra2 {[%emt 0:00:10]} Rc8 {[%emt 0:00:13]} 43. Ra5 {[%emt 0:00:02]} Rb8 {[%emt 0:00:02]} 44. Kc6 {[%emt 0:00:08]} Rdb7 {[%emt 0:00:13]} 45. Bc5 {[%emt 0:01:46]} Ke6 {[%emt 0:00:54]} 46. Ra6 {[%emt 0:00:33]} Rf7 {[%emt 0:00:10]} 47. Bb4 {[%emt 0:00:48]} h5 {[%emt 0:00:14]} 48. Kc5 {[%emt 0:00:10]} g5 {[%emt 0:00:10]} 49. fxg5 {[%emt 0:00:04]} fxg5 {[%emt 0:00:01]} 50. Kc6 {[%emt 0:00:07]} h4 {[%emt 0:00:06]} 51. gxh4 {[%emt 0:00:07]} gxh4 {[%emt 0:00:01]} 52. d7 {[%emt 0:00:03]} Kf5 {[%emt 0:00:46]} 53. Kc7 {[%emt 0:00:10]} Rg8 {[%emt 0:00:10]} 54. Rd6 {[%emt 0:00:30]} h3 {[%emt 0:00:16]} 55. Rd5+ {[%emt 0:00:07]} Ke6 {[%emt 0:00:07]} 56. Rd6+ {[%emt 0:00:04]} Kf5 {[%emt 0:00:01]} 57. Rd3 {[%emt 0:00:14]} Ke6 {[%emt 0:00:10]} 58. Kc6 {[%emt 0:00:05]} Rd8 {[%emt 0:00:25]} 59. Re3+ {[%emt 0:00:03]} Kf5 60. Rf3+ Kg6 61. Rxf7 Kxf7 1-0